| 000 | 01564nam a22002777i 4500 | ||
|---|---|---|---|
| 999 |
_c22913 _d22913 |
||
| 003 | AR-CdUCM | ||
| 008 | 240522b20222022 pe||||| |||| 00| 0 spa d | ||
| 020 | _a978-612-49021-6-1 | ||
| 040 |
_aMUNICIPALIDAD PROVINCIAL DEL CUSCO _cBIBLIOTECA MUNICIPAL DEL CUSCO |
||
| 082 |
_a379.85 / E32 _bE32 |
||
| 100 |
_aEguren, Mariana. _949925 |
||
| 245 |
_aDiversos y desiguales : _bDoscientos años de escuela pública en el Perú / |
||
| 260 |
_aLima : _bMinisterio de Cultura del Perú, _bProyecto Especial Bicentenario de la Independencia del Perú, _c2022 |
||
| 300 |
_a180 páginas. : _c21 cm. |
||
| 500 | _zBibliografía: páginas 167 - 176 | ||
| 505 | _aEstado y educación pública: recuento histórico -- La era liberal -- La república aristocrática y la educación -- El Ministerio de Educación y su ley orgánica -- Odría: construcciones escolares y pedagogía oficial -- La reforma de la educación bajo Velazco -- Educación y equidad -- Otras modalidades del sistema educativo -- Qué se enseña, qué se aprende -- Medición de aprendizajes -- La irrupción de la pandemia | ||
| 650 |
_aEstado y educación pública: recuento histórico _949926 |
||
| 650 |
_aLa república aristocrática y la educación _949927 |
||
| 650 |
_aEl Ministerio de Educación y su ley orgánica _949928 |
||
| 650 |
_aOdría: construcciones escolares y pedagogía oficial _949929 |
||
| 700 |
_aCarolina de Belaúnde _949930 |
||
| 700 |
_aNatalia González _949931 |
||
| 856 | _fwww.bicentenario.gob.pe/biblioteca | ||
| 942 |
_2ddc _cLIBROS |
||
| 945 |
_apbj _d2024-05-22 |
||